000 00905nam a2200253 a 4500
001 000034494
005 20200930073730.0
008 111005s2011 dr ac 001 0 spa d
020 _a9789945876307
040 _aDO-SdBNP
_bspa
_cBNPHU
082 _a617.1596
_bR457m, 2011
100 1 _aReyes Agüero, Fredis de Jesús,
_d1961-
_959935
245 1 0 _aManejo inicial del paciente con lesión del anillo pélvico /
_cFredis de Js. Reyes Agüero.
250 _a2ª ed.
260 _aSanto Domingo :
_bImpresos Juan David Reyes,
_c2011.
300 _a187 p. :
_bil., retrs. ;
_c21 cm.
504 _aBibliografía: p.181-187.
590 _aInventariado,2018/DG
650 4 _aCirugía de la pelvis
_959936
650 4 _aHuesos pélvicos
_xLesiones
_959937
650 4 _aPélvis
_xTraumatismos
_xRehabilitación
_959938
650 4 _aMedicina de urgencias
_925942
910 _aValidado. Control de calidad EMS.
999 _c33985
_d33985